U.S. Geography by Letter - L - Statistics

General Stats
  • This quiz has been taken 41,449 times
    15,871 since last reset
  • The average score is 12 of 18
Answer Stats
Clue Answer % Correct
Second largest city in the U.S. Los Angeles
99%
"Sin City" Las Vegas
97%
Island where Brooklyn and Queens are located {Long} Island
95%
State that has parishes instead of counties Louisiana
92%
Nickname of Texas The {Lone} {Star} State
87%
Capital of Nebraska Lincoln
78%
Capital of Arkansas Little Rock
76%
Island on which the Statue of Liberty is located {Liberty} Island
75%
One of New York City's two major airports LaGuardia
74%
Largest city in Kentucky Louisville
74%
Largest of the Florida Keys Key {Largo}
66%
Bridge in Arizona that was once located in England before being sold, taken apart, and reassembled {London} Bridge
60%
Pennsylvania county notable for its Amish community {Lancaster} County
44%
Texas city on the Mexican border Laredo
44%
Town in New Mexico built in 1943 for the Manhattan Project Los Alamos
41%
Central business district of Chicago The {Loop}
41%
Manhattan neighborhood where Mafia leader John Gotti once operated Little Italy
37%
San Francisco's "crookedest" street {Lombard} Street
37%
No matching quizzes found
Score Distribution
Percent of People with Each Score
Percentile by Number Answered
Your Score History
You have not taken this quiz since the last reset